| 000 | 004570000a22001690004500 | ||
|---|---|---|---|
| 003 | LK-CoMWRAF | ||
| 008 | 230817t ||||| |||| 00| 0 eng d | ||
| 040 |
_aLK-CoMWRAF _dLK-CoMWRAF _eLK-CoMWRAF |
||
| 041 | _aeng | ||
| 100 | _aMuhammad, A.R. Sheik | ||
| 245 |
_aNaveena Theninuminiya Islamiya Padalgal _b |
||
| 260 |
_bMinnal Youth Association _aIndia (Madurai 01) _c |
||
| 300 | _ap.16 | ||
| 650 | _aTamil Text | ||
| 700 |
_aHeera,, J. _eed. |
||
| 942 | _cBK | ||
| 999 |
_c2422 _d2422 |
||